Anteproyecto arquitectónico de un complejo católico para la congregación misioneras de la caridad y providencia, Managua
La investigación presenta un anteproyecto arquitectónico de un complejo católico para la congregación misioneras de la caridad y providencia, Managua sobre la base de obtener edificaciones con una solución arquitectónica adecuada con criterios apropiados.
| Main Author: | |
|---|---|
| Other Authors: | |
| Format: | Tesis Section = Libro |
| Language: | Undetermined Spanish |
| Published: |
Managua
UNI
2014
|
| Subjects: |
| LEADER | 01199nam a2200277Ia 4500 | ||
|---|---|---|---|
| 008 | 240830s9999 xx 000 0 und d | ||
| 040 | |a BIBLIOTECA-RUSB/ Mon 726.9 M296 | ||
| 041 | |a spa | ||
| 082 | |a Mon 726.9 M296 | ||
| 100 | 1 | |a Manzanares Mayorga, Heylin Vanessa | |
| 245 | 1 | 0 | |a Anteproyecto arquitectónico de un complejo católico para la congregación misioneras de la caridad y providencia, Managua |
| 260 | |a Managua |b UNI |c 2014 | ||
| 300 | |a 77 p. :il. | ||
| 502 | |a Tesis (Arquitecto) - UNI, 2014. | ||
| 520 | 3 | |a La investigación presenta un anteproyecto arquitectónico de un complejo católico para la congregación misioneras de la caridad y providencia, Managua sobre la base de obtener edificaciones con una solución arquitectónica adecuada con criterios apropiados. | |
| 650 | 7 | |a DISEÑO ARQUITECTÓNICO | |
| 650 | 7 | |b EDIFICIOS - MISIONES RELIGIOSAS - PROYECTOS | |
| 650 | 7 | |c ARQUITECTURA - DISEÑO DE PLANOS | |
| 650 | 7 | |d USO DEL SUELO | |
| 650 | 7 | |e ARQUITECTURA Y CONSTRUCCIONES | |
| 650 | 7 | |f MEDIO FÍSICO | |
| 650 | 7 | |g CONTAMINACIÓN AMBIENTAL | |
| 700 | 1 | |a Tutor: |b Solís Leytón, Álvaro Leonel | |
| 942 | |c BK |2 ddc | ||
| 991 | |a TESIS | ||
| 999 | |c 21359 | ||